000 00179 a2200097 4500
020 _a9780545164290
041 _aeng
100 _aLynn Maslen Kertell
245 _aI.J
942 _cK
999 _c27841
_d27841